| 000 | 00977nam a22003137a 4500 | ||
|---|---|---|---|
| 001 | 7539 | ||
| 003 | FISKH | ||
| 005 | 20250820090515.0 | ||
| 008 | 250723b cb ||||| |||| 00| 0 eng d | ||
| 020 | _a9780064442886 | ||
| 040 |
_aFISKH _beng _cFISKH _dFISKH |
||
| 050 | _aPZ7.C179 B | ||
| 082 | _a813 | ||
| 100 | _aCapucilli, Alyssa Satin | ||
| 245 |
_aBiscuit's big friend / _cBy Alyssa Satin Capucilli . Pictures by Pat Schories |
||
| 260 |
_aNew York : _bHarper Collins Publishers , _c2003. |
||
| 300 |
_a25 pages : _bcolor illustrations ; _c23 cm . |
||
| 490 | _aMy First I Can Read ! | ||
| 505 | _aE | ||
| 520 | _aBiscuit, a little puppy, and Sam, a big dog, play together despite their difference in size. | ||
| 521 | 8 |
_a250
_bLexile |
|
| 521 | 8 |
_aE
_bRaz-plus |
|
| 650 |
_aDogs _vFiction |
||
| 650 |
_aSize _vFiction |
||
| 650 |
_aFriendship _vFiction |
||
| 700 |
_aSchories, Pat _eIllustrator |
||
| 942 |
_2ddc _cBK _n0 |
||
| 999 |
_c7539 _d7539 |
||